Normal view
MARC view
- Law
Entry Topical Term
001 - CONTROL NUMBER
- control field: 2938
003 - CONTROL NUMBER IDENTIFIER
- control field: OSt
005 - DATE AND TIME OF LATEST TRANSACTION
- control field: 20200115194526.0
008 - FIXED-LENGTH DATA ELEMENTS
- fixed length control field: 200115|| aca||aabn | a|a d
040 ## - CATALOGING SOURCE
- Original cataloging agency: OSt
- Transcribing agency: OSt
150 ## - HEADING--TOPICAL TERM
- Topical term or geographic name entry element: Law
670 ## - SOURCE DATA FOUND
- Source citation: Work cat.: (OSt)3684: Abdul Halim & N.E.Siddiki 2937, The Legal System of Bangladesh, 2008
